Agricultural and hydrological applications of remote sensing (Record no. 3921)

MARC details
000 -LEADER
fixed length control field 00376nam a22001337a 4500
008 - FIXED-LENGTH DATA ELEMENTS--GENERAL INFORMATION
fixed length control field 250620b |||||||| |||| 00| 0 eng d
020 ## - INTERNATIONAL STANDARD BOOK NUMBER
ISBN 9789351116004
100 ## - MAIN ENTRY--AUTHOR
Author Chauhan Brindra
245 ## - TITLE STATEMENT
Title Agricultural and hydrological applications of remote sensing
260 ## - PUBLICATION, DISTRIBUTION, ETC. (IMPRINT)
Place of publication New Delhi
Name of publisher Random publication
Date of publication 2025
300 ## - COLLATION
Pagination 279p.
Other physical details Ill
942 ## - ADDED ENTRY ELEMENTS (KOHA)
Item type Books
050 ## - LIBRARY OF CONGRESS CALL NUMBER
Classification number TC970
Item number .C43
Holdings
Source of classification or shelving scheme Not for loan Permanent location Current location Date acquired Accession No. Full call number Barcode. Koha item type
Library of Congress Classification   Engineering Library Engineering Library 06/20/2025 2025/65002 TC970.C43 2025-2610 Books